000 02285cam a22003734a 4500
001 16667566
005 20170105102921.0
008 110225s2011 enka b 001 0 eng
010 _a 2011008063
015 _aGBB0E7965
_2bnb
020 _a9780230221178 (hardback)
020 _a9780230221185 (pbk.)
035 _a(OCoLC)ocn706803929
040 _aDLC
_cDLC
_dYDX
_dYDXCP
_dCDX
_dEQO
_dBTCTA
_dDEBBG
_dBWX
_dDLC
042 _apcc
050 0 0 _aHV6431
_b.T4593 2011
082 0 0 _a363.325
_222
084 _aPOL037000
_aPOL033000
_aPOL034000
_2bisacsh
084 _aMD 8920
_2rvk
245 0 0 _aTerrorism :
_ba critical introduction /
_cRichard Jackson... [et al.].
260 _aHoundmills, Basingstoke, Hampshire ;
_aNew York :
_bPalgrave Macmillan,
_c2011.
300 _axv, 332 p. :
_bill. ;
_c24 cm.
504 _aIncludes bibliographical references and index.
505 8 _aMachine generated contents note: -- Introduction -- PART I: THE STUDY OF POLITICAL TERRORISM -- The Orthodox Study of Terrorism -- Critical Approaches to Terrorism Studies -- The Cultural Construction of Terrorism -- Bringing Gender into the Study of Terrorism -- PART II: KEY ISSUES -- Conceptualizing Terrorism -- Reconsidering the Terrorism Threat -- Types of Terrorism -- Understanding State Terrorism -- The Causes of Non-State Terrorism -- Responding to Non-State Terrorism -- Assessing the War on Terror.
520 _a"Terrorism has a long history but the devastating attacks of 9/11 transformed what had been seen as a relatively minor security issue into one of major global significance. This incisive new text provides an accessible and balanced assessment of political terror and its study and in the process rethinks many assumptions"--
650 0 _aTerrorism.
655 4 _aLehrbuch.
700 1 _aJackson, Richard,
_d1967-
856 4 2 _3Cover image
_uhttp://www.netread.com/jcusers/1388/2318275/image/lgcover.9780230221185.jpg
856 _uhttp://bvbr.bib-bvb.de:8991/F?func=service&doc_library=BVB01&doc_number=022519002&line_number=0001&func_code=DB_RECORDS&service_type=MEDIA
_zInhaltsverzeichnis
906 _a7
_bcbc
_corignew
_d1
_eecip
_f20
_gy-gencatlg
942 _2ddc
_cBK
999 _c15603
_d15603